MARC details
| 000 -CABECERA |
| campo de control de longitud fija |
01202nam a2200229 a 4500 |
| 001 - NÚMERO DE CONTROL |
| campo de control |
000039737 |
| 005 - FECHA Y HORA DE LA ÚLTIMA TRANSACCIÓN |
| campo de control |
20201002033715.0 |
| 008 - DATOS DE LONGITUD FIJA--INFORMACIÓN GENERAL |
| campo de control de longitud fija |
130718s1985 sp 000 0 spa d |
| 020 ## - NÚMERO INTERNACIONAL ESTÁNDAR DEL LIBRO |
| Número Internacional Estándar del Libro |
84-00-05986-7 (o.c.) |
| 020 ## - NÚMERO INTERNACIONAL ESTÁNDAR DEL LIBRO |
| Número Internacional Estándar del Libro |
84-00-05984-0 (v.1) |
| 020 ## - NÚMERO INTERNACIONAL ESTÁNDAR DEL LIBRO |
| Número Internacional Estándar del Libro |
84-00-05985-9 (v.2) |
| 040 ## - FUENTE DE LA CATALOGACIÓN |
| Centro catalogador/agencia de origen |
DO-SdBNP |
| Lengua de catalogación |
spa |
| Centro/agencia transcriptor |
BNPHU |
| 100 1# - ENTRADA PRINCIPAL--NOMBRE DE PERSONA |
| Nombre de persona |
Ramos Gómez, Luis J. |
| 9 (RLIN) |
65931 |
| 245 10 - MENCIÓN DE TÍTULO |
| Título |
Epoca, genesis y texto de las "noticias secretas de America", de Jorge Juan y Antonio de Ulloa (1735-1745) / |
| Mención de responsabilidad, etc. |
Luis J. Ramos Gómez. |
| 260 ## - PUBLICACIÓN, DISTRIBUCIÓN, ETC. |
| Lugar de publicación, distribución, etc. |
Madrid : |
| Nombre del editor, distribuidor, etc. |
Consejo Superior de Investigaciones Científicas, Instituto "Gonzalo Fernández de Oviedo", |
| Fecha de publicación, distribución, etc. |
1985. |
| 490 1# - MENCIÓN DE SERIE |
| Mención de serie |
Tierra nueva e cielo nuevo |
| Designación de volumen o secuencia |
XVI |
| 500 ## - NOTA GENERAL |
| Nota general |
Edición crítica del texto original |
| 500 ## - NOTA GENERAL |
| Nota general |
Medio melienio del descubrimiento de América |
| 505 0# - NOTA DE CONTENIDO CON FORMATO |
| Información miscelánea |
v.1 |
| Título |
El viaje a América (1735-1745), de los tenientes de navio Jorge Juan y Antonio de Ulloa, y sus consecuencias literarias, estudios histórico |
| Información miscelánea |
v. 2. |
| Título |
Edición anotada del texto original de las Noticias secretas de América, de Jorge Juan y Antonio de Ulloa |
| 710 2# - PUNTO DE ACCESO ADICIONAL--NOMBRE DE ENTIDAD CORPORATIVA |
| Nombre de entidad corporativa o nombre de jurisdicción como elemento de entrada |
Consejo Superior de Investigaciones Científicas, (España) |
| 9 (RLIN) |
63834 |
| 830 #0 - PUNTO DE ACCESO ADICIONAL DE SERIE-TÍTULO UNIFORME |
| Título uniforme |
Tierra nueva e cielo nuevo |
| Designación de volumen o secuencia |
XVI |
| 9 (RLIN) |
15388 |